| 000 | 00698cam a22002291 4500 | ||
|---|---|---|---|
| 001 | 700 | ||
| 003 | BD-RjUL | ||
| 005 | 20211208233223.0 | ||
| 008 | 131123r19541948enka 000 0 eng d | ||
| 035 | _a(BD-RjUL)720 | ||
| 040 |
_aDLC _cDLC _dBD-RjUL _beng |
||
| 041 | _aeng | ||
| 082 |
_a025.3 _216 _bTAF 1954 |
||
| 100 | 1 |
_aTaylor, Margaret Stewart. [from old catalog] _92097 |
|
| 245 | 1 | 0 |
_aFundamentals of practical cataloguing / _cMargaret S. Taylor. |
| 260 |
_aLondon: _bG. Allen & Unwin, _c1948 [Impression 1954] |
||
| 300 |
_a141 p. : _bill. ; _c19 cm. |
||
| 650 | 0 |
_aCataloging. _92099 |
|
| 942 |
_2ddc _cBK |
||
| 999 |
_c700 _d700 |
||